| 000 | 00715nam a2200205 a 4500 | ||
|---|---|---|---|
| 001 | 000831723 | ||
| 003 | AM-YeHGA | ||
| 005 | 20250617144723.0 | ||
| 008 | 110916s1978 r 000 0 rus d | ||
| 040 | _aAM-YeHGA | ||
| 041 | 0 | _arus | |
| 100 | 1 | _aБабурин, Валентин Васильевич | |
| 245 | 1 | 0 |
_aЭлектромеханические печатающие устройства / _cВ.В. Бабурин. |
| 260 |
_aМосква : _bЭнергия, _c1978. |
||
| 300 |
_a96 с. : _bил. |
||
| 440 | 0 |
_aБиблиотека по автоматике _vВып. 589 |
|
| 504 | _aБибилиогр. 22 назв. | ||
| 650 | 1 | 4 | _aВычислительная техника |
| 090 | _c301344 | ||
| 999 |
_c299648 _d299648 |
||